Statystyki dla Największe aglomeracje w Finlandii

Kliknij tutaj aby rozwiązać quiz!

Ogólne statystyki

  • Ten quiz został rozwiązany 48 razy
    (46 od ostatniego zresetowania)
  • Średni wynik to 4 z 11

Statystyki odpowiedzi

MiejsceMieszkańcyNazwa% Poprawnych
1.1 305 893Aglomeracja Helsińska
100%
3.277 677Aglomeracja Turku
67%
2.341 696Aglomeracja Tampere
53%
6.120 078Aglomeracja Lahti
51%
4.205 137Aglomeracja Oulu
47%
7.111 320Aglomeracja Kuopio
40%
5.135 958Aglomeracja Jyväskylä
19%
10.67 789Aglomeracja Vaasa
16%
8.83 479Aglomeracja Pori
9%
9.72 621Aglomeracja Joensuu
7%
11.56 075Aglomeracja Lappeenranta
7%

Rozkład punktacji

Percentyl według liczby udzielonych odpowiedzi

Procent ludzi z każdym wynikiem

Twoja historia wyników

Nie rozwiązałeś tego quizu od ostatniego zresetowania